| 000 | 00869nam a22002417a 4500 | ||
|---|---|---|---|
| 999 |
_c10611 _d10611 |
||
| 003 | AR-CdUCM | ||
| 008 | 190401b ||||| |||| 00| 0 spa d | ||
| 040 |
_aMUNICIPALIDAD PROVINCIAL DEL CUSCO _cBIBLIOTECA MUNICIPAL DEL CUSCO |
||
| 082 |
_aEP / 372.460 / _bAL36 |
||
| 100 |
_aAlcedan L., Dolores _927571 |
||
| 245 |
_aKukuli : _bLibro de lectura para segundo grado / |
||
| 260 |
_aLima : _bEditorial navarrete, _c1988. |
||
| 300 |
_a128 páginas ; _bilustraciones, graficos, dibujos, _c23 cm. |
||
| 505 | _aContenido: Libro de lectura y actividades para segundo grado de primaria. | ||
| 650 |
_aLibro de lectura _927572 |
||
| 650 |
_aActividades escolares _927573 |
||
| 650 |
_aPlan lector _94631 |
||
| 650 |
_aTexto escolar _92070 |
||
| 700 |
_aPerea O., Laura _927574 |
||
| 700 |
_aGuerra R., Maura _927575 |
||
| 942 |
_2ddc _cLIBROS |
||
| 945 |
_apjha _d2019-04-04 |
||